Nerastné suroviny v Nigérii a Botswane

Porovnanie pôsobenia nerastných surovín na vývoj ekonomiky v Nigérii a Botswane, keďže obe krajiny sú často spomínané v súvislosti s fenoménom holandskej choroby. Prehľad literatúry dokumentuje rôzny pohľad na úlohu nerastných surovín v týchto ekonomikách. Dáta pre jednotlivé krajiny sú skúmané podľ...

Ausführliche Beschreibung

Gespeichert in:
Bibliographische Detailangaben
1. Verfasser: Hlavová, Natália, 1991-
Format: Buchkapitel
Sprache:Slowakisch
Schlagworte:
Tags: Tag hinzufügen
Keine Tags, Fügen Sie das erste Tag hinzu!

MARC

LEADER 00000nla a2200000 4500
001 0199060
005 20240502073350.1
041 0 |a slo 
044 |a SK 
245 1 0 |a Nerastné suroviny v Nigérii a Botswane  |c Natália Hlavová 
520 |a Porovnanie pôsobenia nerastných surovín na vývoj ekonomiky v Nigérii a Botswane, keďže obe krajiny sú často spomínané v súvislosti s fenoménom holandskej choroby. Prehľad literatúry dokumentuje rôzny pohľad na úlohu nerastných surovín v týchto ekonomikách. Dáta pre jednotlivé krajiny sú skúmané podľa dvoch efektov opísaných v modeli holandskej choroby. Porovnaním výsledkov korelačnej a regresnej analýzy bolo zistené, že efekt presunu zdrojov sa prejavil v oboch krajinách, zatiaľ čo spotrebný efekt iba v Botswane. 
610 2 0 |a suroviny nerastné 
610 2 0 |a Nigéria 
610 2 0 |a Botswana 
610 2 0 |a vývoz 
100 1 |a Hlavová, Natália, 1991-